000 00718nam a2200253 i 4500
003 DO-SdBNP
005 20251112124127.0
007 ta
008 230504e2008 dr |||| r|||| 00| 0 spa d
040 _aDO-SdBNP
_bspa
_cBNPHU
_erda
041 _aspa
082 4 _222
_bB483p
_a22
100 _aBeras Goico, Freddy,
_eautor
_4aut.
_91913
245 1 0 _aParte de mi vida /
_cFreddy Beras Goico
250 _aPrimera edición
264 1 _aSanto Domingo :
_beditor no identificado,
_c2008.
300 _avolumen ;
_c20 cm.
336 _atexto
_btxt
_2rdaconten
337 _asin mediación
_bn
_2rdamedia
338 _avolumen
_bnc
_2rdacarrier
590 _aInventariado 2025/BT
910 _aBtavárez
942 _2ddc
_cLBS1
999 _c53413
_d53413